Guess the 1970s song lyrics #349 - Statistics

General Stats
  • This quiz has been taken 13 times
  • The average score is 176 of 215
Answer Stats
Answer % Correct
I
100%
love
100%
Love
100%
of
100%
you
100%
am
91%
and
91%
can't
91%
From
91%
I'm
91%
in
91%
into
91%
me
91%
Me
91%
No
91%
not
91%
nothing
91%
on
91%
over
91%
Over
91%
so
91%
the
91%
think
91%
to
91%
When
91%
your
91%
be
82%
by
82%
Come
82%
do
82%
else
82%
it's
82%
It's
82%
oh
82%
There
82%
things
82%
all
73%
But
73%
could
73%
get
73%
how
73%
know
73%
Now
73%
Ooh
73%
room
73%
was
73%
baby
64%
Don't
64%
gonna
64%
Gonna
64%
good
64%
head
64%
you'll
64%
eyes
55%
here
55%
next
55%
toe
55%
walked
55%
captured
45%
catch
45%
style
45%
Thinking
45%
voodoo
45%
Listen
36%
stand
36%
Whenever
36%
helplessly
27%
Hoping
27%
crazy
18%
Driving
18%
vibes
9%
No matching quizzes found
Score Distribution
Percent of People with Each Score
Percentile by Number Answered
Your Score History
You have not taken this quiz